Loading...
| Science - Biology | 0 | 4 | 0 | 0 | 40 | 76 | 91.25 | 0 | 2 | 5.17 | 15.00 |
| Fine Arts - Classical Music | 0 | 2 | 0 | 0 | 20 | 127 | 127.00 | 0 | 1 | 0.77 | 5.56 |
| Literature - European | 0 | 1 | 0 | 0 | 10 | 33 | 33.00 | 1 | 1 | 4.33 | 5.56 |
| Mythology | 0 | 1 | 0 | 0 | 10 | 82 | 82.00 | 0 | 0 | 5.61 | 5.00 |
| Social Science | 0 | 1 | 0 | 0 | 10 | 111 | 111.00 | 0 | 1 | 0.88 | 3.89 |
| Fine Arts - Other | 0 | 1 | 0 | 0 | 10 | 111 | 111.00 | 0 | 0 | 0.95 | 3.33 |
| Religion | 0 | 1 | 1 | 0 | 5 | 39 | 39.00 | 1 | 1 | 3.72 | 5.56 |
| History - World | 0 | 0 | 1 | 0 | -5 | 0.00 | 0 | 0 | 0.00 | 0.00 | |
| Fine Arts - Visual | 0 | 0 | 1 | 0 | -5 | 0.00 | 0 | 0 | 0.00 | 0.00 |